Inovácie, zamestnanosť a globálna ekonomická kríza bakalárska práca

Salvato in:
Dettagli Bibliografici
Autore principale: Krutá, Kristína
Ente Autore: Národohospodárska fakulta EU. Katedra bankovníctva a medzinárodných financií
Altri autori: Ivanová, Pavlína
Natura: Libro
Lingua:slovacco
Pubblicazione: Bratislava 2013
Tags: Aggiungi Tag
Nessun Tag, puoi essere il primo ad aggiungerne!!

MARC

LEADER 00000nbm a2200000 4500
001 0172575
005 20161109112101.8
041 0 |a slo 
044 |a SK 
245 1 0 |a Inovácie, zamestnanosť a globálna ekonomická kríza  |b bakalárska práca  |c Kristína Krutá ; školiteľ: Pavlína Ivanová 
264 1 |a Bratislava  |c 2013 
300 |a 44 s. 
100 1 |a Krutá, Kristína 
700 1 |a Ivanová, Pavlína 
710 2 |a Národohospodárska fakulta EU. Katedra bankovníctva a medzinárodných financií